| 000 | 00365nam a2200145Ia 4500 | ||
|---|---|---|---|
| 008 | 230312s9999||||xx |||||||||||||| ||und|| | ||
| 020 | _a0-19-967406-0 | ||
| 082 |
_a548.842 _bBUL-C |
||
| 100 | _aBulatov;Vasily.V | ||
| 245 | 0 | _aComputer Simulations of Dislocations | |
| 260 |
_bOxford _aUK _c2013 |
||
| 300 | _a286 | ||
| 650 |
_aEngineering _vAvionics |
||
| 942 | _cBK | ||
| 999 |
_c10543 _d10543 |
||